Les départements sans .... ou avec... (4) - Statistiques

Statistiques générales
  • Ce quiz a été pris 54 fois
  • Le résultat moyen est 82 sur 103
Statistiques - réponses
Hint Réponse % Correct
Avec la lettre V | Avec la lettre Y Yvelines
97%
Avec la lettre V Var
94%
Avec la lettre T Charente
91%
Avec la lettre U | Avec la lettre V Vaucluse
91%
Avec la lettre T | Avec la lettre U | Avec la lettre V Alpes-de-Haute-Provence
89%
Avec la lettre T Charente-Maritime
89%
Avec la lettre U | Avec la lettre V | Avec la lettre X Deux-Sèvres
89%
Avec la lettre V Vienne
89%
Avec la lettre Y Yonne
89%
Avec la lettre U Aube
86%
Avec la lettre U Aude
86%
Avec la lettre T Cantal
86%
Avec la lettre T Côtes-d'Armor
86%
Avec la lettre T Finistère
86%
Avec la lettre T Lot
86%
Avec la lettre T | Avec la lettre U Meurthe-et-Moselle
86%
Avec la lettre T | Avec la lettre U | Avec la lettre Y Pyrénées-Atlantiques
86%
Avec la lettre T Tarn
86%
Avec la lettre T Tarn-et-Garonne
86%
Avec la lettre V | Avec la lettre Y Aveyron
83%
Avec la lettre U Bouches-du-Rhône
83%
Avec la lettre T Côte-d'Or
83%
Avec la lettre U Eure
83%
Avec la lettre T | Avec la lettre U Eure-et-Loir
83%
Avec la lettre T | Avec la lettre U Haute-Garonne
83%
Avec la lettre T | Avec la lettre U Hautes-Alpes
83%
Avec la lettre T | Avec la lettre U | Avec la lettre Y Hautes-Pyrénées
83%
Avec la lettre T | Avec la lettre U | Avec la lettre V Haute-Vienne
83%
Avec la lettre T | Avec la lettre U Haut-Rhin
83%
Avec la lettre T Indre-et-Loire
83%
Avec la lettre T Lot-et-Garonne
83%
Avec la lettre T | Avec la lettre Y Pyrénées-Orientales
83%
Avec la lettre T Territoire de Belfort
83%
Avec la lettre T | Avec la lettre U Haute-Corse
80%
Avec la lettre T | Avec la lettre U Haute-Saône
80%
Avec la lettre T | Avec la lettre U | Avec la lettre V Haute-Savoie
80%
Avec la lettre T | Avec la lettre U Hauts-de-Seine
80%
Avec la lettre U Jura
80%
Avec la lettre T | Avec la lettre Y Mayotte
80%
Avec la lettre T Alpes-Maritimes
77%
Avec la lettre U Guadeloupe
77%
Avec la lettre T | Avec la lettre U Haute-Loire
77%
Avec la lettre T | Avec la lettre U Hérault
77%
Avec la lettre T Loiret
77%
Avec la lettre T | Avec la lettre U Martinique
77%
Avec la lettre V Nièvre
77%
Avec la lettre T Seine-Maritime
77%
Avec la lettre V Val-de-Marne
77%
Avec la lettre V Val-d'Oise
77%
Avec la lettre U Doubs
74%
Avec la lettre U La Réunion
74%
Avec la lettre V Calvados
71%
Avec la lettre U Creuse
71%
Avec la lettre U | Avec la lettre Y Guyane
71%
Avec la lettre T | Avec la lettre U Loire-Atlantique
71%
Avec la lettre U Corse-du-Sud
69%
Avec la lettre T Sarthe
69%
Avec la lettre T Seine-et-Marne
69%
Avec la lettre T Seine-Saint-Denis
69%
Avec la lettre V Vendée
69%
Avec la lettre V Vosges
69%
Avec la lettre T | Avec la lettre U Haute-Marne
66%
Avec la lettre T Loir-et-Cher
66%
Avec la lettre U Meuse
66%
Avec la lettre U | Avec la lettre Y Puy-de-Dôme
66%
Avec la lettre T Saône-et-Loire
66%
Avec la lettre T | Avec la lettre V Ille-et-Vilaine
63%
Avec la lettre T Maine-et-Loire
63%
Avec la lettre V Savoie
63%
Avec la lettre Y Mayenne
60%
Aucun quiz correspondant
Distribution des résultats
% des personnes avec chaque résultat
Percentile par nombre de réponses
Votre historique - résultats
Vous n’avez pas pris ce quiz